Max Martin Songs - Sudden Death - Statistics

General Stats
  • This quiz has been taken 5 times
  • The average score is 8 of 18
Answers on the Grid
Answers color-coded by a green-red scale on the quiz's grid according to % correct below.
I Kissed a Girl - Katy Perry
Blank Space - Taylor Swift
Karma - Jojo Siwa
I Want It That Way - Backstreet boys
Old Before I Die - Robbie Williams
No Tears Left To Cry - Ariana Grande
Feel Good Inc - Gorillaz
Dynamite -Taio Cruz
... Baby One More Time - Britney Spears
Back to Black - Amy Winehouse
What the Hell - Avril Lavigne
Daylight - Maroon 5
Poker Face - Lady Gaga
It's Gonna Be Me - *NSYNC
Va Va Voom - Nicki Minaj
American Idiot - Green Day
Enough Is Enough - Post Malone
Dandelion - Ariana Grande
Fallin' - Alicia Keys
Single Ladies - Beyonce
Never Ending Song - Conan Gray
Grrrls - Lizzo
Loser Like Me - Glee Cast
SUPERMODEL - Måneskin
Lust For Life (With the Weekend) - Lana Del Rey
Hands to Myself - Selena Gomez
Mr. Brightside - the Killers
Toxic - Brittney Spears
Gold Digger - Kanye West
Umbrella - Rihanna
 
Answer Stats
Answer % Correct
I Kissed a Girl - Katy Perry
100%
It's Gonna Be Me - *NSYNC
100%
... Baby One More Time - Britney Spears
67%
Blank Space - Taylor Swift
67%
Dandelion - Ariana Grande
67%
Hands to Myself - Selena Gomez
67%
SUPERMODEL - Måneskin
67%
Daylight - Maroon 5
33%
Grrrls - Lizzo
33%
I Want It That Way - Backstreet boys
33%
Loser Like Me - Glee Cast
33%
Lust For Life (With the Weekend) - Lana Del Rey
33%
Never Ending Song - Conan Gray
33%
No Tears Left To Cry - Ariana Grande
33%
Va Va Voom - Nicki Minaj
33%
What the Hell - Avril Lavigne
33%
Dynamite -Taio Cruz
0%
Enough Is Enough - Post Malone
0%
No matching quizzes found
Score Distribution
Percent of People with Each Score
Percentile by Number Answered
Your Score History
You have not taken this quiz